000 00315nam a22001337a 4500
008 181221b xxu||||| |||| 00| 0 eng d
020 _a0933014848
041 _aeng
080 _a616
100 _a9
101 _aPAT
245 _aEvaluation and Treatment of Swallowing Disorders
_cLogemann, J
942 _2udc
_cBK
999 _c53694
_d53694